Formule 1 - Pilotes de 2024 - Statistiques

Statistiques générales
  • Ce quiz a été pris 17 984 fois
    5 550 depuis la dernière actualisation
  • Le résultat moyen est 21 sur 25
Statistiques - réponses
Hint Réponse % Correct
Mercedes Lewis Hamilton
98%
Alpine Pierre Gasly
98%
Ferrari Charles Leclerc
97%
Red Bull Max Verstappen
97%
Alpine Esteban Ocon
96%
Ferrari Carlos Sainz Jr.
95%
McLaren Lando Norris
95%
McLaren Oscar Piastri
93%
Aston Martin Fernando Alonso
91%
Red Bull Sergio Pérez
91%
Racing Bulls Yuki Tsunoda
88%
Mercedes George Russell
87%
Aston Martin Lance Stroll
87%
Haas Nico Hülkenberg
85%
Stake Valtteri Bottas
81%
Williams Alexander Albon
80%
Haas Kevin Magnussen
73%
Racing Bulls Liam Lawson
73%
Stake Zhou Guanyu
72%
Ferrari Oliver 'Ollie' Bearman
71%
Haas Oliver 'Ollie' Bearman
71%
Racing Bulls Daniel Ricciardo
69%
Williams Franco Colapinto
65%
Alpine Jack Doohan
62%
Williams Logan Sargeant
54%
Aucun quiz correspondant
Distribution des résultats
% des personnes avec chaque résultat
Percentile par nombre de réponses
Votre historique - résultats
Vous n’avez pas pris ce quiz depuis la dernière actualisation